Human rights Indian Financial system and communication skills / (Record no. 42816)

MARC details
000 -LEADER
fixed length control field 00760nam a22001937a 4500
005 - DATE AND TIME OF LATEST TRANSACTION
control field 20100821112026.0
010 ## - LCCN (DPL NO)
LC control number ENG-101147
020 ## - INTERNATIONAL STANDARD BOOK NUMBER
Terms of availability 165.00
035 ## - SYSTEM CONTROL NUMBER
System control number EN-84680
037 ## - SOURCE OF ACQUISITION
Source of stock number/acquisition DBAD/PUB
082 ## - DEWEY DECIMAL CLASSIFICATION NUMBER
Classification number 336.54
100 ## - MAIN ENTRY--PERSONAL NAME
Personal name Vipan B. Kumar
245 ## - TITLE STATEMENT
Title Human rights Indian Financial system and communication skills /
Statement of responsibility, etc by Vipan B Kumar
260 ## - PUBLICATION, DISTRIBUTION, ETC. (IMPRINT)
Place of publication, distribution, etc New Delhi
Name of publisher, distributor, etc Himalaya Publishing House
Date of publication, distribution, etc 2009
270 ## - ADDRESS
Address Pooja Apartments 4-B Murari Lal Street Sansari Road Darya Ganj New Delhi
City New Delhi
Postal code 110002
300 ## - PHYSICAL DESCRIPTION
Extent 266p
Dimensions 25cm(pbk)
942 ## - ADDED ENTRY ELEMENTS (KOHA)
Source of classification or shelving scheme Dewey Decimal Classification
Item type English Books
Classification part 336.54
Call number suffix VIP
Holdings
Withdrawn status Lost status Not for loan Collection code Home library Current library Date acquired Source of acquisition Cost, normal purchase price Full call number Barcode Copy number Cost, replacement price Koha item type
    Not For Loan Non-fiction D.B.Act.Division D.B.Act.Division 21/08/2010 DBAD/PUB 165.00 336.54 VIP EN-84680 1 165.00 English Books

© Delhi Public Library
Hit Counter
free hit counter